000 00324nam a2200121Ia 4500
008 220204s9999 xx 000 0 und d
082 _a631/635
_bADV.61
245 0 _aAdvances in agronomy V.61
260 _aSan Diego
_cAcademic Press;1997
650 _aGenetic resources conservation
650 _aSeed dormacy
942 _cBK
999 _c41370
_d41370